000 00811nam a2200241 a 4500
001 51718
003 BD-RjUL
005 20211209075714.0
008 730529r19631960nyua b 001 0 eng
035 _a(BD-RjUL) 51838
040 _aDLC
_cDLC
_dDLC
_dBD-RjU
_beng
041 _aeng
082 0 0 _a301.15
_223
_bBRS 1963
100 1 _aBredemeier, Harry Charles
_9154618
245 1 0 _aSocial problems in America :
_bcosts and casualties in an acquisitive society /
_cHarry C. Bredemeier ; Jackson Toby
260 _aNew York :
_bWiley,
_c1960 [printing 1963]
300 _a510 p. :
_bill. ;
_c24 cm.
504 _aIncludes bibliograph and index.
650 0 _aSocial problems.
_9154619
651 0 _aUnited States
_xSocial conditions.
_9154620
700 1 _aToby, Jackson,
_ejoint author.
_9154621
942 _2ddc
_cBK
999 _c51718
_d51718